| 000 | 00674nam a22002297a 4500 | ||
|---|---|---|---|
| 999 |
_c330579 _d330579 |
||
| 001 | 44458 | ||
| 003 | UA-OsUOA | ||
| 005 | 20200125223448.0 | ||
| 007 | ta | ||
| 008 | 20070223b un ||||| |||| 00| 0 ukr d | ||
| 020 | _a966-06-0394-0 | ||
| 040 |
_aUA-OsUOA _bukr _cUA-OsUOA _dUA-OsUOA |
||
| 041 | _aukr | ||
| 080 | _a902(477) | ||
| 090 |
_a902(477) _bА87 |
||
| 245 |
_aАрхеологія України _bкурс лекцій: навч. посібник _cза ред. Залізняка Л. Л. |
||
| 260 |
_aК. _bЛибідь _c2005 |
||
| 300 | _a504 с. | ||
| 650 | 7 |
_a9 Географія. Біографії. Історія _2UDC |
|
| 942 |
_cBK _2udc |
||
| 955 | _a2 | ||